00547 2200205 4500001002100000005001500021035002000036245005700056100001700113250001100130300002200141700002000163260003800183082001000221084001600231020001800247008004100265650001900306990001600325INLIS00000000000145720251127093041 a0010-01250000181 aMeningkatkan POPULASI Walet & Seriti /cPhilip Yamin0 aPhilip Yamin aCet II a78 hal ;c20,5 cm0 aEka Setia Sukma aJakarta :bPenebar Swadaya,c2008 a636.6 a636.6 PHI m a979-489-675-6251127 0 ind  4aPopulasi walet a00000003545